000 00460nam a2200169Ia 4500
003 GCL
008 140319s9999 xx 000 0 eng d
040 _aGCL /
_cGCL
082 0 4 _a370.78
_bG E
100 1 _aCEAY, L.R.
245 1 0 _aEDUCATIONAL RESEARCH: COMPETENCIES FOR ANALYSIS AND APPLICATION /
_cCEAY, L.R.
260 _a[S.N] :
_bMACMILLAN PUBBISHING CO ،
_c1992
300 _a645 PP
650 0 4 _aRESEARCH
650 0 4 _aEDUCATION
942 _2ddc
_cBK
999 _c24194
_d24194